000 00383 a2200157 4500
001 175916
020 _a
040 _cMagnum
100 _aFranco, Angela
240 1 0 _aDescobrindo e construindo - lingua portuguesa/v.2
_lpor
245 1 0 _aDescobrindo e construindo - lingua portuguesa/v.2
362 0 _a1899
440 1 _aLĂȘ
697 _aMAGNITO: PARADIDATICO
942 _cBK
999 _c175916
_d175916